| 000 | 00673nam a2200205Ia 4500 | ||
|---|---|---|---|
| 003 | GCL | ||
| 008 | 140319s9999 xx 000 0 ara d | ||
| 040 |
_aGCL / _cGCL |
||
| 082 | 0 | 4 |
_a301.24 _bع د |
| 100 | 1 | _aاحمد رافت عبدالجواد | |
| 245 | 1 | 0 |
_aدراسات فى التنمية الاجتماعية مدخل اسلامى / _cاحمد رافت عبدالجواد |
| 700 | 1 | _aعبدالهادى الجوهرى | |
| 700 | 1 | _aعبدالمنعم بدر | |
| 300 | _a390 ص | ||
| 490 |
_aكتاب _v0 |
||
| 650 | 0 | 4 | _aالتغير الاجتماعى |
| 650 | 0 | 4 | _aالبناء الاجتماعى |
| 650 | 0 | 4 | _aالاجتماع، علم |
| 942 |
_2ddc _cBK |
||
| 999 |
_c42320 _d42320 |
||